| 000 -LEADER |
| fixed length control field |
00990nam a2200241Ia 4500 |
| 001 - CONTROL NUMBER |
| control field |
15863 |
| 003 - CONTROL NUMBER IDENTIFIER |
| control field |
GE_BSU |
| 008 - FIXED-LENGTH DATA ELEMENTS--GENERAL INFORMATION |
| fixed length control field |
181216s||||||||xx |||||||||||||| ||und|| |
| 040 ## - CATALOGING SOURCE |
| Transcribing agency |
GE_BSU |
| 080 ## - UNIVERSAL DECIMAL CLASSIFICATION NUMBER |
| Universal Decimal Classification number |
82-93:821.353.1-11 |
| 100 ## - MAIN ENTRY--PERSONAL NAME |
| Personal name |
ჭელიძე, ოთარ |
| 245 ## - TITLE STATEMENT |
| Title |
ალხანა და ჩალხანა |
| 245 ## - TITLE STATEMENT |
| Remainder of title |
პოემები |
| 245 ## - TITLE STATEMENT |
| Statement of responsibility, etc. |
რედ.მინდია არაბული. მხ. ნ.ზაალიშვილი |
| 260 ## - PUBLICATION, DISTRIBUTION, ETC. |
| Place of publication, distribution, etc. |
თბილისი |
| 260 ## - PUBLICATION, DISTRIBUTION, ETC. |
| Name of publisher, distributor, etc. |
ნაკადული |
| 260 ## - PUBLICATION, DISTRIBUTION, ETC. |
| Date of publication, distribution, etc. |
1989 |
| 300 ## - PHYSICAL DESCRIPTION |
| Extent |
175გვ. : ილ. ; 22სმ. |
| 653 ## - INDEX TERM--UNCONTROLLED |
| Uncontrolled term |
ალხანა და ჩალხანა |
| 653 ## - INDEX TERM--UNCONTROLLED |
| Uncontrolled term |
პოემები |
| 653 ## - INDEX TERM--UNCONTROLLED |
| Uncontrolled term |
შუშის ბიჭი; ლეგენდარული ჩანთა; თანდილა; თამარ მეფის საფლავი; ზღაპარი ელისა და მიწის კაცისა |
| 942 ## - ADDED ENTRY ELEMENTS (KOHA) |
| Koha item type |
წიგნი |